000 03157cam a22006254i 4500
003 PE-LiUPU
005 20250731170450.0
008 150706s2009 mx a rb 000 0 spa d
020 _a6074480087
020 _a9786074480085
035 _a(Sirsi) i9786074480085
040 _aPE-LiUPU
_bspa
_cPE-LiUPU
_dPE-LiUPU
_erda
049 _aPRUA
082 0 4 _a155.2
_bC45
_221
100 1 _aCervone, Daniel,
_eautor.
245 1 0 _aPersonalidad :
_bteoría e investigación /
_cDaniel Cervone, Lawrence A. Pervin.
250 _a2a edición.
264 1 _aMéxico :
_bEl Manual Moderno,
_c2009.
300 _a522 páginas :
_bilustraciones ;
_c28 centímetros
336 _atext
_2rdacontent
337 _aunmediated
_2rdamedia
338 _avolume
_2rdacarrier
504 _aIncluye referencias bibliográficas.
505 0 _aTeoría de la personalidad: de las observaciones cotidianas a las teorías sistemáticas -- Estudio científico de la gente -- Una Teoría psicodinámica: teoría psicoanalítica de Freud sobre la personalidad -- Teoría psicoanalítica de Freud: aplicaciones, conceptos relacionados e investigación contemporánea -- Una teoría fenomenológica: teoría de la personalidad enfocada en el sujeto de Carl Rogers -- Teoría fenomenológica de Rogers: aplicaciones, concepto teóricos e investigación contemporánea -- Teorías de los rasgo de la personalidad: Allport, Eysenck y Cattell -- Teoría del rasgo: modelo pentafactorial; aplicaciones y evaluación de los enfoques del rasgo a la personalidad -- Bases biológicas de la personalidad -- Conductismo y aproximaciones del aprendizaje a la personalidad -- Teoría cognitiva: la teoría de la personalidad de George A. Kelly sobre el constructo personal -- Teoría socio cognitiva: Bandura y Michel -- Teoría socio cognitiva: aplicaciones conceptos relacionados e investigación contemporánea -- Personalidad en contexto: relaciones interpersonales, cultura y desarrollo a través del tiempo -- Evaluación de Teoría e investigación sobre personalidad.
526 _aSEG68
526 _aSEG70
526 _aSEG69
526 _aSEG67
526 _aSEG43
526 _aP144
526 _aP143
526 _aP131
526 _aP122
526 _aP120
526 _aP117
526 _aP112
526 _aP110
526 _aP106
526 _aP101
526 _aP80
526 _aP59
526 _aP54
526 _aP35
526 _aP33
526 _aP30
541 _g001-0030486;
650 0 4 _aPersonalidad.
_91760
700 1 _aPervin, Lawrence A.,
_eautor.
910 _bjv
_cng
_d20100610
942 _2ddc
_cBOOK
949 _a155.2 C45
_wDEWEY
_c1
_i61861
_d2016-11-10
_e2016-11-9
_lCCODEBUL1
_mBUL
_n10
_p54.00
_r0
_sY
_tBOOK
_u2015-7-6
_xSALUD
_PP33
_0COMPRA
_o.STAFF. Colección Ciencias de la Salud
994 _aC0
_bPEPRU
596 _a1
999 _a155.2 C45
_wDEWEY
_c51013
_i61861
_d51013
_e2022-5-19
_f2021-11-3
_g5
_lCCODEBUL1
_mBUL
_n22
_p54.00
_q18
_r0
_sY
_tBOOK
_u2015-7-6
_xSALUD
_zP33
_0COMPRA
_o.STAFF. Colección Ciencias de la Salud
980 _81
_gALBERTO SANCHEZ Responsable de Automatización